LIBRARY ONLINE CATALOGUE

Labour migration in a rural economy : (Record no. 13361)

MARC details
000 -LEADER
fixed length control field 00685nam a22002052 4500
001 - CONTROL NUMBER
control field 0000011731
005 - DATE AND TIME OF LATEST TRANSACTION
control field 20151217155846.0
008 - FIXED-LENGTH DATA ELEMENTS--GENERAL INFORMATION
fixed length control field 090106s xx 000 0 eng d
040 ## - CATALOGING SOURCE
Original cataloging agency KABU
Transcribing agency KABU
100 1# - MAIN ENTRY--PERSONAL NAME
Personal name Gulliver, P. H.
-- 0000149286
245 10 - TITLE STATEMENT
Title Labour migration in a rural economy :
Remainder of title a study of the Ngoni and Ndendeuli of Southern Tanganyika /
Statement of responsibility, etc. P. H. Gulliver.
250 ## - EDITION STATEMENT
Edition statement 1st ed.
260 ## - PUBLICATION, DISTRIBUTION, ETC. (IMPRINT)
Place of publication, distribution, etc. Kampala :
Name of publisher, distributor, etc. E. A. I. S. R.,
Date of publication, distribution, etc. 1955.
300 ## - PHYSICAL DESCRIPTION
Extent ix, 48 p.
650 #0 - SUBJECT ADDED ENTRY--TOPICAL TERM
Topical term or geographic name as entry element Ngoni (African people)
-- 0000167727
650 #0 - SUBJECT ADDED ENTRY--TOPICAL TERM
Topical term or geographic name as entry element Migrant labour
Geographic subdivision Tanganyika.
-- 0000167728
852 1# - LOCATION
-- p100 KES
908 ## - PUT COMMAND PARAMETER (RLIN)
Put command parameter 090106
950 ## - LOCAL HOLDINGS (RLIN)
-- 1
Holdings
Withdrawn status Lost status Source of classification or shelving scheme Not for loan Home library Current library Date acquired Total Checkouts Full call number Barcode Date last seen Price effective from Koha item type
    Library of Congress Classification   Kabarak, Main Campus Kabarak, Main Campus 17/12/2015   HD8799 .T3G85 c. 1 15914 17/12/2015 17/12/2015 Africana Collection